[Event "World-ch33-KK4 Kasparov-Karpov +4-4=16"]
[Site "Seville"]
[Date "1987.12.02"]
[Round "19"]
[White "Karpov, Anatoly"]
[Black "Kasparov, Garry"]
[Result "1/2-1/2"]
[WhiteElo "2700"]
[BlackElo "2740"]
[Annotator "Bulletin"]
[PlyCount "120"]
[EventDate "1987.10.12"]
[EventType "match"]
[EventRounds "24"]
[EventCountry "ESP"]
[SourceTitle "MainBase"]
[Source "ChessBase"]
[SourceDate "1999.07.01"]
[SourceVersion "2"]
[SourceVersionDate "1999.07.01"]
[SourceQuality "1"]

1. Nf3 d5 2. d4 Nf6 3. c4 e6 4. Nc3 Be7 5. Bg5 O-O 6. e3 h6 7. Bh4 b6 8. Be2
Bb7 9. Bxf6 Bxf6 10. cxd5 exd5 11. O-O Nd7 12. b4 c5 13. bxc5 bxc5 14. Qb3 {
N; 14.Rb1} cxd4 15. Nxd4 Bxd4 $1 (15... Nc5) 16. exd4 Nb6 17. a4 Rb8 18. a5 Nc4
19. Bxc4 dxc4 20. Qxc4 Qd6 21. Qc5 $8 (21. Rfd1 $2 Rfc8 $1 22. Qd3 Qc6) (21. a6
Bxg2 $1 22. Kxg2 Qg6+ 23. Kh1 Rfc8) (21. Rfc1 Rfd8 22. Rab1 Rbc8 23. Qb4 Qxd4
$1 24. Qxd4 Rxd4 25. Rxb7 Rxc3 $10) 21... Qxc5 22. dxc5 $14 Rbc8 23. a6 $1 (23.
Na4 Bc6 24. Rfc1 Rfd8 $10) 23... Ba8 24. Nb5 Rxc5 25. Nxa7 Be4 (25... Rb8 26.
Rfc1 $1 (26. Rfb1 Rxb1+ 27. Rxb1 Ra5 28. h4 Rxa6 $1 29. Rb8+ Kh7 30. Rxa8 $10)
26... Rxc1+ 27. Rxc1 Rb6 28. Ra1 $14) 26. f3 Ra8 27. fxe4 Rxa7 {R 9/q} 28. Ra4
Rc6 $10 29. Rfa1 Kf8 30. Kf2 Ke7 31. Ke3 Ke6 32. Ra5 Rd6 33. R1a2 Rc6 34. h4 (
34. Kd4 Rd7+ 35. Rd5 Ra7 $10) 34... Rd6 35. Kf4 Rb6 36. R2a3 Rc6 37. Re5+ Kf6
38. Rf5+ Ke6 39. Rfa5 Rb6 40. Re5+ Kf6 41. Rea5 Ke6 42. Ra1 Rc6 43. Re5+ Kf6
44. Rf5+ Ke6 45. Re5+ Kf6 46. Rea5 Ke6 47. R1a2 Rb6 48. g4 f6 $1 (48... Kf6 49.
h5 Rc6 50. Rf5+ Ke6 51. Re5+ Kf6 52. Re8 g5+ $10 (52... Rc4 $2 53. g5+ $1 (53.
Rc2 $2 g5+ $19) 53... hxg5+ 54. Kg4 g6 55. h6 $18)) 49. h5 Rc6 50. Rb2 Rcxa6
51. Rb6+ Rxb6 52. Rxa7 Rb1 53. Rxg7 Rf1+ 54. Ke3 Re1+ 55. Kf3 Rf1+ 56. Ke2 Rf4
57. Ke3 Ke5 $1 $8 58. Re7+ Kd6 59. Re6+ (59. Rh7 Rxg4 60. Rxh6 Ke5 $10) 59...
Kxe6 60. Kxf4 Ke7 (60... Ke7 61. e5 Ke6 62. exf6 Kxf6 $10) (60... Ke7 61. Kf5
Kf7 62. e5 fxe5 63. Kxe5 Ke7 $10 {- P 4/a5 (944.)}) 1/2-1/2

[Event "World-ch33-KK4 Kasparov-Karpov +4-4=16"]
[Site "Seville"]
[Date "1987.12.07"]
[Round "21"]
[White "Karpov, Anatoly"]
[Black "Kasparov, Garry"]
[Result "1/2-1/2"]
[WhiteElo "2700"]
[BlackElo "2740"]
[Annotator "Bulletin"]
[PlyCount "56"]
[EventDate "1987.10.12"]
[EventType "match"]
[EventRounds "24"]
[EventCountry "ESP"]
[SourceTitle "MainBase"]
[Source "ChessBase"]
[SourceDate "1999.07.01"]
[SourceVersion "2"]
[SourceVersionDate "1999.07.01"]
[SourceQuality "1"]

1. d4 Nf6 2. c4 g6 3. Nc3 d5 4. Nf3 Bg7 5. Qb3 dxc4 6. Qxc4 O-O 7. e4 Na6 8.
Be2 c5 9. d5 e6 10. O-O exd5 11. exd5 Bf5 12. Rd1 Re8 13. d6 h6 14. Bf4 {N} (
14. Be3 Ng4 $5 15. Bf4 (15. d7 Rxe3) 15... Bxc3 16. bxc3 Re4 17. Qb3 Rxf4 18.
Qxb7 Ra4 19. Bxa6 Rb8 20. Qc6 Bd7 $19) 14... Nd7 15. Rd2 (15. Qb3 Nb4 $1 (15...
Bxc3 $2 16. Bxa6 $16) 16. Bc4 $6 Qf6 $1 17. Rd2 {- 15.Rd2}) 15... Nb4 16. Qb3
Be6 (16... a6 $6 17. a3 Nc6 18. Nd5 $1 $16) 17. Bc4 Nb6 18. Bxe6 Rxe6 19. a3 $6
(19. Nb5 Re4 $1 {/\ Nc4} 20. Be3 Nc4 21. Bxc5 Nxd2 22. Nxd2 Re2 23. Qxb4 (23.
Bxb4 Qb6) (23. Be3 Nc6 24. Qd3 Rxe3) 23... a5 24. Qf4 g5 $132) (19. Bg3 $5 {
/\ Nb5} Nd3 20. Nb5 c4 21. Qa3 $13) (19. Na4 $5 {Tal,M}) 19... Nd3 $1 20. Bg3
c4 21. Qc2 {/\ b3} Rc8 22. Rad1 Qd7 (22... Nxb2 $2 23. Qxb2 Na4 24. Nxa4 Bxb2
25. Rxb2 Qa5 26. Rb4 $16) 23. h4 f5 (23... Rc5 24. Qb1 $5 $132 {/\ 25.Ne1, 25.
Ne2}) 24. Rxd3 $8 cxd3 25. Qxd3 $44 Nc4 26. Qd5 $1 Nb6 (26... Nxb2 $6 27. Re1
Rce8 28. Rxe6 Rxe6 (28... Qxe6 $4 29. d7 $1) 29. Nb5 Kh7 30. Ne5 $1 Bxe5 31.
Bxe5 Nc4 32. f4 $1 a6 33. Nd4 $16) (26... Kh8 $2 27. Nb5 Nxb2 28. Rb1 $1 Na4 (
28... Nc4 29. Nxa7) 29. Nc7 Rxc7 30. dxc7 Qxd5 31. c8=Q+ Kh7 32. Rxb7 $16) 27.
Qd3 (27. Qb3 $6 Qf7 $1 28. Nd5 $1 (28. Kh2 f4) 28... Rd8 $15) 27... Nc4 28. Qd5
Nb6 1/2-1/2

[Event "World-ch33-KK4 Kasparov-Karpov +4-4=16"]
[Site "Seville"]
[Date "1987.12.18"]
[Round "24"]
[White "Kasparov, Garry"]
[Black "Karpov, Anatoly"]
[Result "1-0"]
[WhiteElo "2740"]
[BlackElo "2700"]
[Annotator "Bulletin"]
[PlyCount "127"]
[EventDate "1987.10.12"]
[EventType "match"]
[EventRounds "24"]
[EventCountry "ESP"]
[SourceTitle "MainBase"]
[Source "ChessBase"]
[SourceDate "1999.07.01"]
[SourceVersion "2"]
[SourceVersionDate "1999.07.01"]
[SourceQuality "1"]

1. c4 e6 2. Nf3 Nf6 3. g3 d5 4. b3 Be7 5. Bg2 O-O 6. O-O b6 7. Bb2 Bb7 8. e3
Nbd7 9. Nc3 Ne4 10. Ne2 $5 {N; 10.cd5; 10.Qe2; 10.Qc2} a5 (10... Bf6 11. d4 $5
c5 12. Nf4) 11. d3 Bf6 12. Qc2 Bxb2 13. Qxb2 Nd6 14. cxd5 Bxd5 (14... exd5 $5
15. d4 c5 16. dxc5 bxc5 $13) 15. d4 $1 (15. Nf4 Bb7 16. Nh5 (16. d4 c5) 16...
f6 17. Nf4 Qe7 $13) 15... c5 16. Rfd1 Rc8 $6 (16... Qf6 $2 17. Ne5 Rfd8 18.
Bxd5 exd5 19. Nf4 $16) (16... Qe7 17. Nc3 Bb7 18. Na4 $1 $14) (16... c4 $5 17.
Nf4 (17. bxc4 Nxc4 18. Qb5 Nd6) 17... b5 18. Nxd5 exd5 19. Ne5 Nf6 $13) 17. Nf4
Bxf3 (17... Be4 $2 18. dxc5 Nxc5 19. Qe5 Ncb7 20. Nh5 $18) (17... c4 $6 18.
Nxd5 exd5 19. bxc4 dxc4 20. a4 $1 $16) 18. Bxf3 Qe7 19. Rac1 (19. dxc5 Nxc5 (
19... Rxc5 $6 20. Nd3 $1 $14 (20. Qd4 Ne5)) 20. Qe5 (20. b4 Na4) 20... Rfd8 21.
Nd5 Qa7 $13) 19... Rfd8 20. dxc5 Nxc5 21. b4 $1 axb4 22. Qxb4 Qa7 23. a3 Nf5
24. Rb1 Rxd1+ 25. Rxd1 Qc7 (25... Qa5 26. Rc1 $14) 26. Nd3 $1 $14 h6 $6 (26...
g6 $1) 27. Rc1 Ne7 $6 (27... Nxd3 $2 28. Rxc7 Rxc7 29. Qe4 $1 Rc1+ 30. Kg2 Ne1+
31. Kh3 $18) (27... Nd6 $1) 28. Qb5 Nf5 (28... Qa7 29. Nxc5 bxc5 30. a4 $16)
29. a4 Nd6 30. Qb1 Qa7 (30... Qd8 $5) 31. Ne5 $1 $16 Nxa4 $2 (31... Qxa4 32.
Qxb6 Qa3 $1 33. Rd1 Nf5 (33... Ne8 34. Rd8 Rxd8 35. Qxd8 Qa1+ 36. Kg2 Qxe5 37.
Qxe8+ Kh7 38. Qxf7 $16) 34. Rd8+ Rxd8 35. Qxd8+ Kh7 36. Nxf7 Qc1+ (36... Nd3 $2
37. Be4 $1 $18) 37. Kg2 Qb2 $1 38. e4 Ne3+ 39. Kh3 Qxf2 40. Qh8+ Kg6 41. Ne5+
Kf6 42. Qf8+ Kxe5 43. Qxc5+ Kf6 44. Qf8+ Ke5 (44... Kg6 $2 45. Bh5+ $18) 45.
Qxg7+ Kd6 46. e5+ Kc5 47. Qf8+ Kd4 48. Qb4+ (48. Qf4+ $2 Kc3 $1 49. Bg4 Qxf4
50. gxf4 Kd4 51. Bxe6 Ke4 52. Kg3 Nf1+ $10) 48... Nc4 (48... Kd3 49. Qe4+ $1
Kd2 50. Bg4 $18) 49. Bg4 Qf1+ 50. Kh4 Kxe5 51. Qc5+ Ke4 52. Qc6+ $16) (31...
Nf5 $5) 32. Rxc8+ Nxc8 33. Qd1 $4 (33. Bh5 $2 f6 $1 (33... Nd6 $2 34. Qd1 $18)
(33... g6 $2 34. Bxg6 $1 fxg6 35. Qxg6+ Kf8 36. Qf6+ $18) 34. Bf7+ Kf8 35. Bxe6
(35. Qh7 fxe5 36. Qg8+ Ke7 37. Bxe6 Kd6 $13) 35... fxe5 36. Qf5+ Ke8 37. Bxc8
Qc7 $14) (33. Qb5 $1 Kh7 $1 (33... Nd6 34. Qc6 $18) (33... Kf8 34. Nc6 Qa8 35.
Qd3 $1 g6 36. Qd4 $1 $18) 34. Nc6 Qa8 35. Qd3+ $1 f5 (35... g6 36. Qd7 Kg7 37.
Ne5 $18) 36. Qd8 {/\ Ne7} Nc5 37. Kg2 (37. Kg2 Qa2 (37... Qb7 38. Ne5 Qb8 39.
Nf7 Kg6 (39... Ne4 40. Bh5 $18) 40. Qg8 Kf6 41. Nh8 $1 Qc7 42. Qf8+ $18) 38.
Ne5 $1 (38. Qxc8 $4 Nd3 $19) 38... Qb2 39. Nf7 Qf6 40. Qh8+ Kg6 41. Qg8 $1 $18)
) 33... Ne7 $4 (33... Nc5 $1 34. Qd8+ Kh7 35. Kg2 $1 (35. Bd1 $2 f5 $1 36. Qxc8
Qa1 $17) 35... f6 $1 36. Nc6 Qd7 37. Qxd7 Nxd7 38. Nd8 Nc5 39. Nxe6 $1 Nxe6 40.
Bg4 $10) 34. Qd8+ Kh7 35. Nxf7 (35. Bh5 $6 Nc5 $1 (35... f6 $2 36. Nd7 $1 $18)
(35... g6 $2 36. Qe8 $1 Ng8 37. Bxg6+ $18) 36. Nxf7 (36. Bxf7 Qa1+) 36... Ng8
$14) 35... Ng6 36. Qe8 (36. Nd6 $6 Nc5 $1 (36... Qe7 37. Qb8 $16) 37. Nc8 Qd7
$2 (37... Qb8 $1 $13) 38. Qxd7 Nxd7 39. Be4 h5 40. Nd6 (40. Ne7 Ndf8) 40...
Ndf8 41. Bc2 $1 Kg8 42. Nc8 b5 43. Na7 b4 44. Nc6 $16) 36... Qe7 (36... Nc5 $2
37. Bh5 Qa1+ 38. Kg2 Qf6 39. h4 $1 $18) 37. Qxa4 Qxf7 38. Be4 Kg8 39. Qb5 (39.
Bxg6 Qxg6 40. Qb3 $16) 39... Nf8 40. Qxb6 Qf6 41. Qb5 Qe7 42. Kg2 g6 (42... g5
43. f4 $1 Qf6 44. Kh3 {/\ 45.fg5 hg5 46.Kg4} gxf4 45. exf4 $16) (42... Qf6 43.
h4 g5 {/\ 44.hg5?! hg5+/=} 44. h5 $1 $16) 43. Qa5 Qg7 44. Qc5 Qf7 45. h4 h5 $2
{>< g6, h5} (45... Kg7) 46. Qc6 Qe7 47. Bd3 Qf7 48. Qd6 Kg7 49. e4 Kg8 (49...
Qb7 $5) 50. Bc4 Kg7 51. Qe5+ Kg8 (51... Qf6 52. Qxf6+ Kxf6 53. f4 e5 54. Kf3
Nd7 55. Ke3 Nc5 56. Bd5 {/\ Kd2-c3-c4+-}) 52. Qd6 (52. f4 $6 Kh7) 52... Kg7 53.
Bb5 Kg8 54. Bc6 Qa7 55. Qb4 $1 (55. e5 $2 Qa5 $1 56. Be4 Qe1 $14) 55... Qc7 56.
Qb7 $1 Qd8 57. e5 $1 $18 Qa5 (57... Qd3 58. Be8 Qf5 59. Qf3 $1) 58. Be8 Qc5 59.
Qf7+ Kh8 60. Ba4 Qd5+ 61. Kh2 Qc5 (61... Nh7 62. Bc2 Qxe5 63. Qe8+) 62. Bb3 Qc8
63. Bd1 Qc5 64. Kg2 (64. Kg2 Qb4 65. Bf3 Qc5 66. Be4 Qb4 67. f3 $1 (67. Bxg6 $4
Nxg6 68. Qxg6 Qb7+ 69. Kh2 Qg2+ $3 $10) 67... Qd2+ 68. Kh3 Qb4 (68... Qh6 69.
f4 Qg7 70. Qxg7+ Kxg7 71. Bc6 $18) 69. Bxg6 Nxg6 70. Qxg6 Qxh4+ 71. Kg2 $1 $18)
1-0